Spell the Marvel Character #28 - Statistics

General Stats
  • This quiz has been taken 37 times
  • The average score is 6 of 7
Answer Stats
Picture Answer % Correct
Moon Knight
100%
Red Hulk
100%
War Machine
96%
Angel
89%
Marrow
86%
Rogue
86%
Outlaw
68%
No matching quizzes found
Score Distribution
Percent of People with Each Score
Percentile by Number Answered
Your Score History
You have not taken this quiz